Institut dels Sòls de Catalunya
Descripción Física:
[47] p. : il., fot. ; 17 x 24 cm
MARC
| LEADER | 00000nam a2200000Ia 4500 | ||
|---|---|---|---|
| 001 | 15069 | ||
| 003 | BGR | ||
| 005 | 20260324175357.0 | ||
| 008 | 160829s9999 xx 000 0 cat d | ||
| 080 | |a FU-33-69 | ||
| 110 | 1 | |a Institut Català del Sol |9 52221 | |
| 245 | |a Institut dels Sòls de Catalunya | ||
| 260 | |a [Barcelona] : |b Generalitat de Catalunya, Departament de Cultura, [193 - ?] | ||
| 300 | |a [47] p. : |b il., fot. ; |c 17 x 24 cm | ||
| 590 | |a La Generalitat de Catalunya crea l'Institut Mediterrani dels Sòls l'any 1932; aquest es transfereix a la Junta de Ciències Naturals de Catalunya i crea l'Institut dels Sòls de Catalunya, emplaçat a l'Escola Superior d'Agricultura, l'any 1934. | ||
| 650 | |a Institut Mediterrani dels Sòls |9 30191 | ||
| 650 | |a Institut dels Sòls de Catalunya |9 30192 | ||
| 650 | |a Edafologia |9 30193 | ||
| 710 | 2 | |a Catalunya. |b Departament de Cultura |9 52819 | |
| 901 | |a Arxiu | ||
| 942 | |n 1 |2 udc |c MON | ||
| 952 | |0 0 |1 0 |4 0 |6 FU3369 |7 1 |9 45314 |a Arxiu |b Arxiu |d 2016-12-01 |l 0 |o FU-33-69 |p 15069 |r 2016-12-01 00:00:00 |w 2016-12-01 |y ARXIU | ||
| 999 | |c 48388 |d 48388 | ||